Docete: formación básica del predicador y del conferenciante

שמור ב:
מידע ביבליוגרפי
Main Authors: Koch, P. Anton (Author), Sancho, Antonio (Author)
פורמט: ספר
שפה:ספרדית
יצא לאור: Barcelona Herder 1953
סדרה:Biblioteca Herder. Sección de Teología y Filosofía, 6, 7
נושאים:
תגים: הוספת תג
אין תגיות, היה/י הראשונ/ה לתייג את הרשומה!

MARC

LEADER 00000nam a2200000 a 4500
001 UCI3869
003 CL-VaPUC
008 071130e19530000SP |||||||||||||||||spa|d
082 0 4 |a 253.7  |b KOC  |2 21 
100 |a Koch, P. Anton  |e author  |9 525406 
700 0 |a Sancho, Antonio  |e author  |9 525404 
245 1 0 |a Docete: formación básica del predicador y del conferenciante 
300 |a v 
942 |c BK 
945 |d 20071130 00:00:00  |a jtorresc 
260 |a Barcelona  |b Herder  |c 1953 
500 |a v.3: La iglesia 
500 |a v.4: La gracia 
650 0 |a Evangelistas  |9 315131 
650 0 |a Educación religiosa   |9 308312 
650 0 |a Predicación  |9 398079 
650 7 |a DOGMA  |2 CL-VaPUC  |9 330447 
650 0 |a Ética religiosa   |9 311520 
650 7 |a LITURGIA  |2 CL-VaPUC  |9 525405 
650 7 |a RELIGIOSOS  |2 CL-VaPUC  |9 352012 
583 |a last modification  |c 20071130 00:00:00  |k Rodrigo Vera 
490 0 |a Biblioteca Herder. Sección de Teología y Filosofía, 6, 7 
999 |c 327913  |d 327911 
952 |0 0  |1 0  |4 0  |6 253_700000000000000_KOC_1953  |7 0  |8 A  |9 411466  |a BIBTEO  |b BIBTEO  |d 2019-11-22  |h v.3  |i 3384861  |o 253.7 KOC 1953  |p 3384861  |r 2025-01-17  |w 2019-11-22  |y BK  |k ICR 
952 |0 0  |1 0  |4 0  |6 253_700000000000000_KOC_1953  |7 0  |8 A  |9 411467  |a BIBTEO  |b BIBTEO  |d 2019-11-22  |h v.4  |i 390945K  |o 253.7 KOC 1953  |p 390945K  |r 2025-01-17  |w 2019-11-22  |y BK  |k ICR